000 00531nam a2200193Ia 4500
003 GCL
008 140319s9999 xx 000 0 eng d
040 _aGCL /
_cGCL
082 0 4 _a636.08909
_bD V
100 1 _aWILLIAMS, DAVID G
245 1 0 _aVETERINARY MEDICINE: AN ILLUSTRATED HISTORY /
_cWILLIAMS, DAVID G
700 1 _aWILLIAMS, DAVID M.
700 1 _aDUNLOP, ROBERT H.
260 _a[S.N] :
_bMOSBY ،
_c1996
300 _a693 P
650 0 4 _aVETERINARY - MEDICINE
650 0 4 _aVETERINARY - HISTORY
942 _2ddc
_cBK
999 _c11764
_d11764